Cytaty z RDR i RDR2 - Statystyki

Ogólne statystyki
  • Ten quiz został rozwiązany 14 razy
  • Średni wynik to 5 z 16
Statystyki odpowiedzi
Cytat Odpowiedź % Poprawnych
"My name is John Marston. You wanted to speak to me." John Marston
100%
"We each got... fifteen dollars. Oh, and a quarter. Don't forget the quarter." Arthur Morgan
83%
"They want us, Arthur. They want us...and they are going to have us." Dutch van der Linde
83%
"Hello, Maddy...did you miss me?" Micah Bell
75%
"John... I love you. Don't you forget that... not ever now." Abigail Marston
67%
"I see... I remember your father." Edgar Ross
25%
"Has anyone seen Gavin?" Gavin's Friend
25%
"You're doing terrible things to my hormones miss." Jack Marston
25%
"...your dream home. I've had better nightmares than this dream" Uncle
25%
"Mój koń, mój koń. Zostawiacie mnie z niczym" Mr. Wrobel
17%
"We all need to look for answers somewhere. Some in big ol' books, and others in big bottles of whiskey." Bonnie Macfarlane
8%
"Now be a good boy and get this bounty for me" Sadie Adler
8%
"We brought them God! But they turned their back on Him. Now, I fight to help them from themselves... Save them from themselves." Agustin Allende
0%
"I don't like Jews. Or colored folk. Or natives, now that you mention it... I bet you like Catholics. Can't stand them neither. Nor women, Fabians, socialists, homosexuals, Asians, or British." Herbert Moon
0%
"My cause is to keep this town from turning into a living hell for the folks who live here." Leigh Johnson
0%
"Sometimes in the service of what is right, you got to do terrible things." Vincente de Santa
0%
Nie znaleziono quizów pasujących do podanych kryteriów
Rozkład punktacji
Procent ludzi z każdym wynikiem
Percentyl według liczby udzielonych odpowiedzi
Twoja historia wyników
Nie rozwiązałeś tego quizu